000 00667cam a2200229 4500
001 4539335
003 ARRUPE
005 20240216103506.0
008 680301s1968 nyu 000 0 eng
010 _a 68014812
040 _aDLC
_cDLC
_dDLC
043 _an-us---
050 0 0 _aE184.J5
_bK12
082 0 0 _a301.45/206/073
100 1 _aKahn, Roger.
_952479
245 1 4 _aThe passionate people; what it means to be a Jew in America.
260 _aNew York,
_bMorrow,
_c1968.
300 _ax, 350 p.
_c25 cm.
650 0 _aJews
_zUnited States
_xSocial life and customs.
_952480
906 _a7
_bcbc
_corignew
_du
_encip
_f19
_gy-gencatlg
942 _2lcc
_cMONOGRAPH
999 _c131809
_d131809